000 00804nam a22003137a 4500
003 OSt
005 20140331131441.0
008 140331b xxu||||| |||| 00| 0 eng d
020 _a0590998609
050 _aLB 1049.9
_b.Sch379s42 1997
100 _aSchreiber, Anne.
245 _aThe street band /
_cAnne Schreiber ; illustrated by Kathleen Kuchera.
260 _aNew York :
_bScholastic,
_c1997.
300 _a16 p. :
_bcol. ill. ;
_c14 cm.
440 _aScholastic phonics readers
_n#42
521 _aG1
526 _c200
650 _aReaders (Primary)
650 _aReading
_vPhonetic method.
942 _2lcc
_cBK
999 _c48801
_d48801